02914cam a22003495a 45000010009000000050017000090080041000260100017000670200044000840400028001280820022001561000026001782450130002042600057003343000035003915040051004265201282004776110110017596300055018696500037019246500046019616500051020076500042020586510010021006530030021106550024021409420008021649990017021729520135021899520120023249520120024441806814720201128024320.0140314s2014 gw a frb 000 0 eng d a 2014935883 a9783642454158 (hard cover : alk. paper) aDLCbengcDLCdEG-ScBUE04a343.0994bHIL2221 aHill, Richard,d1949-04aThe new international telecommunication regulations and the internet :ba commentary and legislative history /cRichard Hill. aNew York :bSpringer ;aZurich :bSchulthess,c2014. axvii, 173 p. :bill. ;c24 cm. aIncludes bibliographical references and index. aThis book provides a clear and thorough account of the process leading up to the revision of the International Telecommunication Regulations (ITRs) one of the four treaties administered by the ITU. The author's inside view of the events, and his legal analysis of the new ITRs, are different from that what has been aired in most other accounts to date. His systematic approach shows how much of the criticism of the WCIT-12 process, and of the ITRs themselves, is unjustified. This book provides the most accurate view to date of what the ITRs really mean and of what really happened at WCIT-12, which was undoubtedly a key event in the history of telecommunication policy and which is likely to have significant long-term effects. The book covers in some detail the events leading to the non-signature of the treaty by a significant number of states, outlines possible consequences of that split between states, and offers possible ways forward. The book includes a detailed article-by-article analysis of the new ITRs, explaining their implications, and concludes with recommendations for national authorities. It concludes with an analysis of events from the point of view of dispute resolution theory, offering suggestions for how to avoid divisive outcomes in the future.27aWorld Conference on International Telecommunicationsd(2012 :cDubai, United Arab Emirates)2BUEsh92973007aInternational Telecommunication Regulations2BUEsh 7aTelecommunication policy.2BUEsh 7aInternetxGovernment policy.2BUEsh91656 7aTelecommunicationxLaw and legislation.2BUEsh 7aInternetxLaw and legislation.2BUEsh 2BUEsh bENGELCbLLAAWWcApril2018 vReading book934232 2ddc c26518d26490 00102ddc40708BaccahaMAINbMAINc1STd2018-04-16ePurchasel1m3o343.0994 HILp000043188r2025-07-15 00:00:00s2020-12-07yBB 00102ddc40708BaccahaMAINbMAINc1STd2018-04-16ePurchasel0o343.0994 HILp000043189r2025-07-15 00:00:00yBB 00102ddc40708BaccahaMAINbMAINc1STd2018-04-16ePurchasel0o343.0994 HILp000043190r2025-07-15 00:00:00yBB